| 000 | 00345nam a2200121 a 4500 | ||
|---|---|---|---|
| 005 | 20140414131915.0 | ||
| 008 | 100915s19uu xx 00 eng d | ||
| 050 |
_aFIC _bD53 1996 |
||
| 100 | _aDharmarajan, Geeta | ||
| 245 |
_aThe secrets of Kalindi : _ba jigsaw puzzle adventure. |
||
| 260 |
_aNew Delhi, India : _bKatha, _c1996. |
||
| 999 |
_c111423 _d111423 |
||